| 000 | 00775 a2200181 4500 | ||
|---|---|---|---|
| 003 | Nust | ||
| 005 | 20221128141045.0 | ||
| 040 | _cNust | ||
| 082 | _a519.4, BHA | ||
| 100 |
_aS A Bhatti _9103699 |
||
| 245 |
_aA First Course in Numerical Analysis With C++ _cS A Bhatti & Mr. N A Bhatti |
||
| 250 |
_a5th Ed. _breprint |
||
| 260 |
_aLahore _bA-One publishers _c2011 |
||
| 300 | _axviii,390p. | ||
| 505 | _aError Analysis (Page-1,) Finite Differences (Page-27), Interpolation (Page-51), Numerical Differ nation (Page-93), Numerical Integration (Page-125), Ordinary Differential Equations (Page-165), Non Linear Equations (Page-217), Linear Systems of Equations (Page-267), Eigen values and Eigenvectors (Page-323). | ||
| 650 |
_aNumerical Analysis _9103 |
||
| 942 |
_2ddc _cBK |
||
| 999 |
_c189534 _d189534 |
||